Grammy Award for Record of the Year - Statistics

General Stats
  • This quiz has been taken 63 times
    12 since last reset
  • The average score is 29 of 67
Answer Stats
Year Song Answer % Correct
2020 "Bad Guy" Billie Eilish
100%
2021 "Everything I Wanted" Billie Eilish
100%
2012 "Rolling in the Deep" Adele
91%
2017 "Hello" Adele
91%
2018 "24K Magic" Bruno Mars
91%
2016 "Uptown Funk" Mark Ronson feat. Bruno Mars
91%
1984 "Beat It" Michael Jackson
91%
2022 "Leave the Door Open" Silk Sonic
91%
1999 "My Heart Will Go On" Céline Dion
82%
1978 "Hotel California" Eagles
82%
2025 "Not Like Us" Kendrick Lamar
82%
2026 "Luther" Kendrick Lamar & SZA
82%
2024 "Flowers" Miley Cyrus
82%
2014 "Get Lucky" Daft Punk feat. Pharrell Williams & Nile Rodgers
73%
2006 "Boulevard of Broken Dreams" Green Day
73%
1994 "I Will Always Love You" Whitney Houston
73%
2008 "Rehab" Amy Winehouse
64%
2019 "This Is America" Childish Gambino
64%
2004 "Clocks" Coldplay
64%
2013 "Somebody That I Used to Know" Gotye feat. Kimbra
64%
2023 "About Damn Time" Lizzo
64%
2015 "Stay with Me" Sam Smith
64%
1985 "What's Love Got to Do with It" Tina Turner
64%
1989 "Don't Worry, Be Happy" Bobby McFerrin
55%
2000 "Smooth" Santana feat. Rob Thomas
55%
1996 "Kiss from a Rose" Seal
55%
1972 "It's Too Late" Carole King
45%
1967 "Strangers in the Night" Frank Sinatra
45%
2011 "Need You Now" Lady Antebellum
45%
1988 "Graceland" Paul Simon
45%
1969 "Mrs. Robinson" Simon & Garfunkel
45%
1971 "Bridge over Troubled Water" Simon & Garfunkel
45%
2001 "Beautiful Day" U2
45%
2002 "Walk On" U2
45%
2007 "Not Ready to Make Nice" Dixie Chicks
36%
1993 "Tears in Heaven" Eric Clapton
36%
1997 "Change the World" Eric Clapton
36%
2010 "Use Somebody" Kings of Leon
36%
1991 "Another Day in Paradise" Phil Collins
36%
1995 "All I Wanna Do" Sheryl Crow
36%
1990 "Wind Beneath My Wings" Bette Midler
27%
1963 "I Left My Heart in San Francisco" Tony Bennett
27%
1983 "Rosanna" Toto
27%
1962 "Moon River" Henry Mancini
18%
1964 "Days of Wine and Roses" Henry Mancini
18%
1992 "Unforgettable" Natalie Cole (With Nat King Cole)
18%
2003 "Don't Know Why" Norah Jones
18%
2005 "Here We Go Again" Ray Charles & Norah Jones
18%
1973 "The First Time Ever I Saw Your Face" Roberta Flack
18%
1974 "Killing Me Softly with His Song" Roberta Flack
18%
1987 "Higher Love" Steve Winwood
18%
1980 "What a Fool Believes" The Doobie Brothers
18%
1979 "Just the Way You Are" Billy Joel
9%
1959 (Nov) "Mack the Knife" Bobby Darin
9%
1976 "Love Will Keep Us Together" Captain & Tennille
9%
1981 "Sailing" Christopher Cross
9%
1975 "I Honestly Love You" Olivia Newton-John
9%
1961 "Theme from A Summer Place" Percy Faith
9%
2009 "Please Read the Letter" Robert Plant & Alison Krauss
9%
1968 "Up, Up and Away" The 5th Dimension
9%
1970 "Aquarius/Let the Sunshine In" The 5th Dimension
9%
1959 (May) "Nel Blu Dipinto Di Blu (Volare)" Domenico Modugno
0%
1977 "This Masquerade" George Benson
0%
1966 "A Taste of Honey" Herb Alpert & the Tijuana Brass
0%
1982 "Bette Davis Eyes" Kim Carnes
0%
1998 "Sunny Came Home" Shawn Colvin
0%
1965 "The Girl from Ipanema" Stan Getz & Astrud Gilberto
0%
No matching quizzes found
Score Distribution
Percent of People with Each Score
Percentile by Number Answered
Your Score History
You have not taken this quiz since the last reset